Zvyšovanie konkurencieschopnosti a výkonnosti EÚ prostredníctvom rozvoja vedy, techniky a inovácií

Orientácia na konkurencieschopnosť a podporu inovácií v EÚ. Inovačná výkonnosť. Regionálne inovačné systémy. Regionálny súhrnný inovačný index. Stratégia Európa 2020 a jej ciele. EÚ v kontexte konkurencieschopnosti.

Enregistré dans:
Détails bibliographiques
Auteur principal: Ďurechová, Mária
Format: Chapitre de livre
Langue:slovaque
Sujets:
Tags: Ajouter un tag
Pas de tags, Soyez le premier à ajouter un tag!

MARC

LEADER 00000naa a2200000 4500
001 0170082
005 20220715094134.2
041 0 |a slo 
044 |a SK 
245 1 0 |a Zvyšovanie konkurencieschopnosti a výkonnosti EÚ prostredníctvom rozvoja vedy, techniky a inovácií  |c Mária Ďurechová 
520 |a Orientácia na konkurencieschopnosť a podporu inovácií v EÚ. Inovačná výkonnosť. Regionálne inovačné systémy. Regionálny súhrnný inovačný index. Stratégia Európa 2020 a jej ciele. EÚ v kontexte konkurencieschopnosti. 
610 2 0 |a manažment znalostný 
610 2 0 |a konkurencieschopnosť 
610 2 0 |a výkonnosť ekonomiky 
610 2 0 |a veda 
610 2 0 |a technika 
610 2 0 |a inovácia 
610 2 0 |a Európska únia 
610 2 0 |a stratégia inovačná 
100 1 |a Ďurechová, Mária